| 000 | nam a22 a 4500 | ||
|---|---|---|---|
| 999 |
_c2313 _d2313 |
||
| 003 | AKMAL | ||
| 005 | 20170516093305.0 | ||
| 008 | 170516s1997 my 00 may d | ||
| 020 |
_a9676107425 (kkt.): _cRM 12.00 |
||
| 040 | _aAKMAL | ||
| 082 | 0 | 4 | _a395 RAH |
| 090 |
_a395 _bRAH |
||
| 100 |
_aRahmat Ismail _93068 |
||
| 245 | 1 | 0 |
_aEtika sosial : _bsatu peradaban dalam kehidupan sosial manusia / _cRahmat Ismail |
| 260 |
_aKuala Lumpur : _bUtusan Publications & Distributors , _c1997 |
||
| 300 |
_a172ms. : _bil. ; _c22cm |
||
| 504 | _aBibliografi: ms. 171-172 | ||
| 650 |
_aEtiquette _9534 |
||
| 650 |
_aManners and customs _9532 |
||
| 942 |
_2ddc _cBOOK |
||